[Event "Nuremberg LGA Cup 3rd"]
[Site "Nuremberg"]
[Date "2006.09.08"]
[Round "3"]
[White "Baramidze, David"]
[Black "Heidrich, Manfred"]
[Result "1/2-1/2"]
[WhiteElo "2591"]
[BlackElo "2405"]
[Annotator "Gutman,L"]
[PlyCount "85"]
[EventDate "2006.09.07"]
[EventType "swiss"]
[EventRounds "7"]
[EventCountry "GER"]
[SourceTitle "CBM 114 Extra"]
[Source "ChessBase"]
[SourceDate "2006.11.03"]
[SourceVersion "1"]
[SourceVersionDate "2006.11.03"]
[SourceQuality "1"]

1. e4 c5 2. Nf3 Nc6 3. d4 cxd4 4. Nxd4 e5 5. Nb5 a6 6. Nd6+ Bxd6 7. Qxd6 Qf6 8.
Qd2 Qg6 9. Nc3 Nge7 10. b3 $6 {Ljubojevic spielte diesen Zug nach 8...Nge7;
hier hat dies wenig Sinn.} ({In Robatsch-Kottnauer, Beverwijk 1962, folgte} 10.
Qg5 d5 11. Qxg6 hxg6 12. Bd2 Be6 13. exd5 Nxd5 14. Nxd5 Bxd5 15. O-O-O O-O-O
16. f3 {mit remis. Wolfgang Uhlmann behandelt in der Enzyklopädie}) (10. h4 {
als die stärkste Erwiderung, was nach} {10...} d5 $5 (10... b5 11. h5 Qg4 12.
Qg5 Qxg5 13. Bxg5 h6 14. Be3 $16 {, Parma-De Roy, Beverwijk 1964}) (10... h5
11. Qg5 Nb4 12. Qxg6 Nxg6 13. Kd1 Ne7 14. b3 f5 15. Ba3 Nbc6 {
,Bogdanowitsch-Baumbach, Zinnowitz 1967,} 16. Bd3 $5 $16) (10... Nd4 11. h5 Qc6
12. b3 O-O 13. Ba3 d6 14. f4 Be6 15. O-O-O Rfc8 16. Kb2 $14 {,
Bojkovic-Grigorjan, Länderkampf UdSSR-Jugoslawien 1964, verspricht Weiß stets
besseren Chancen}) 11. h5 Qg4 12. f3 Qg3+ 13. Qf2 Qxf2+ 14. Kxf2 $14 {sichert
Weiß etwas mehr vom Spiel.}) ({In der modernen Praxis wird} 10. f3 $5 {
bevorzugt, um 10...} d5 {mit} 11. Nxd5 Nxd5 12. Qxd5 O-O 13. c3 {zu begegnen,
z. B. 13...} Rd8 ({oder} 13... Be6 14. Qd2 $16) 14. Qc5 Be6 15. Qf2 f5 16. exf5
Qxf5 17. Be2 Ne7 18. O-O Nd5 19. Re1 Nf4 20. Bf1 $16 {und Schwarz hat nicht
genug für den Bauern.}) 10... d5 11. Nxd5 Qxe4+ 12. Ne3 Be6 13. Bb2 Rd8 (13...
Qg6 $5 $15 {verspricht Schwarz bessere Perspektiven.}) 14. Bd3 Qh4 15. Qc3 O-O
(15... Nd5 16. Nxd5 Bxd5 17. O-O O-O 18. f3 f5 19. Qe1 Qe7 $11 {ist etwa
ausgeglichen.}) 16. O-O Rc8 $6 ({Verliert unnötig Zeit. Besser war} 16... Nd4
$15 {mit Schwarz am Ruder.}) 17. f4 f6 18. Bc4 (18. Qe1 $1 $14 {ändert das
Bild zu weißen Gunsten, doch will der Anziehende die Damen auf dem Brett
unbedingt behalten.}) 18... Nd4 19. Qd2 $6 (19. Qe1 Qxe1 20. Raxe1 Bxc4 21.
Nxc4 Nxc2 22. Re2 Nb4 23. fxe5 fxe5 24. Rxf8+ Rxf8 25. Bxe5 $14 {war immer
noch die bessere Lösung.}) 19... Rfd8 20. Bxd4 Bxc4 21. Nxc4 Rxd4 $6 (21...
exd4 22. Qb4 Nd5 23. Qxb7 Rc7 24. Qxa6 Nxf4 $44 {mit genügend Spiel für den
Bauern.}) 22. Qb4 Re8 23. Qxb7 Rxf4 24. Rxf4 Qxf4 25. Rd1 (25. c3 $16 {
erscheint einfacher, mit weißem Vorteil.}) 25... Nf5 $6 26. Qd5+ $6 (26. c3 $5
{ist präziser, 26...} Ne3 27. g3 Qg5 28. Qd7 Rf8 29. Qe6+ Kh8 30. Qe7 Rg8 31.
Nd6 $18 {mit Gewinn}) 26... Kh8 27. Qc6 Rg8 28. Qxa6 $2 (28. c3 Ne3 29. Nd6 h6
30. g3 Qg4 31. Rd3 Nc2 32. Rd2 $16) 28... Qe4 29. Nd6 Nxd6 30. Qxd6 Qxc2 31.
Qd2 Qc5+ 32. Qf2 Qa3 33. Qc2 h6 34. Rd7 Re8 35. Rc7 e4 $6 (35... Qa5 36. h3 e4
$15 {kommt Schwarz zugute.}) 36. Qc6 Rg8 37. Qxe4 (37. Rc8 Rxc8 38. Qxc8+ Kh7
39. Qf5+ Kh8 40. Qxe4 Qxa2 41. b4 $11 {versprach etwas mehr praktische Chancen.
}) 37... Qxa2 38. b4 Rd8 39. Rc1 Qd2 40. Ra1 f5 41. Qc4 Kh7 42. b5 Rd4 43. Qc1
1/2-1/2

[Event "Ordzhonikidze zt 1.9"]
[Site "Ordzhonikidze"]
[Date "2000.06.09"]
[Round "1"]
[White "Baklan, Vladimir"]
[Black "Moroz, Alexander"]
[Result "1-0"]
[WhiteElo "2571"]
[BlackElo "2513"]
[Annotator "Hecht,H"]
[PlyCount "157"]
[EventDate "2000.06.09"]
[EventType "swiss"]
[EventRounds "9"]
[EventCountry "UKR"]
[SourceTitle "CBM 078"]
[Source "ChessBase"]
[SourceDate "2000.10.18"]
[SourceVersion "1"]
[SourceVersionDate "2000.10.18"]
[SourceQuality "1"]

1. e4 c5 2. Nf3 Nc6 3. d4 cxd4 4. Nxd4 e5 5. Nb5 d6 6. c4 Be7 7. b3 Nf6 8. Bd3
O-O 9. O-O Bg4 10. Qd2 Ne8 11. N1c3 a6 12. Na3 h6 13. Nc2 Bg5 14. Ne3 Be6 15.
Bb2 Nd4 16. Qd1 Rb8 17. Nf5 Nxf5 18. exf5 Bd7 19. a4 Bc6 20. b4 b6 21. b5 axb5
22. axb5 Bb7 23. Be4 Qc8 24. Bxb7 Rxb7 25. Qd3 Nf6 26. g3 h5 27. Ne4 Nxe4 28.
Qxe4 Rc7 29. Ra4 Qb7 30. Qxb7 Rxb7 31. Rd1 Be7 32. Bc1 Rc8 33. Be3 Kf8 34. Kg2
g6 35. f6 Bxf6 36. Rxd6 Bd8 37. Ra6 Ke7 38. Rc6 Kd7 39. Rxc8 Kxc8 40. Kf3 f5
41. h4 Kb8 42. Bg5 Bc7 43. Be7 Kc8 44. Ke2 Kd7 45. Bg5 Bd6 46. Be3 Bc7 47. Kd3
f4 48. gxf4 exf4 49. Bd4 Bd8 50. f3 Kc7 51. Bf2 Kb8 52. Ke4 Re7+ 53. Kxf4 Kb7
54. c5 bxc5 55. Rxg6 Bc7+ 56. Kg5 Re2 57. Bg1 Re5+ 58. Kh6 Rf5 59. Rg7 Kb6 60.
Kg6 Rd5 61. Rh7 Bd6 62. Rxh5 Rd1 63. Rg5 Be7 64. Rg4 Bxh4 65. Bxc5+ Kxb5 66.
Rxh4 Kxc5 {[#] Leichter Gewinn für Weiß, da der schwarze König zu weit vom
Freibauern entfernt steht.} 67. f4 Rd6+ (67... Kd6 68. f5 Ke5 69. f6 Rg1+ (
69... Rd6 70. Rh5+ Ke6 71. Rh1 Rd2 72. Re1+ Kd7 73. f7 Rg2+ 74. Kf6 Rf2+ 75.
Kg7 Rg2+ 76. Kf8 Rg3 77. Rd1+ Kc7 78. Rd4 Rg1 79. Ke7 Re1+ 80. Kf6 Rf1+ 81. Ke6
Re1+ 82. Kf5 Rf1+ 83. Rf4 $18 {Brückenbau}) 70. Kf7 Rf1 71. Rh5+ Kd6 72. Rh2
Ke5 73. Re2+ Kf5 74. Ke7 Kg6 75. Rg2+ Kh7 76. f7 Re1+ 77. Kf8 Rh1 78. Re2 $18)
68. Kg5 Rd1 69. Rh8 Kc6 70. Re8 {vertikale Sperre} Kd7 71. Re2 Rf1 72. f5 Rf3
73. Kg6 Rf1 74. f6 Rf3 75. Kg7 Rg3+ 76. Kf8 Rf3 77. f7 Rf1 (77... Rg3 78. Rd2+
Kc7 79. Rd4 Rg1 80. Ke7 Re1+ 81. Kf6 Rf1+ 82. Ke6 Kc6 83. Rd8 Re1+ 84. Kf6 Rf1+
85. Kg6 Rg1+ 86. Kh5 Rh1+ 87. Kg4 Rg1+ 88. Kh3 $18) 78. Rg2 Ke6 79. Kg8 1-0

[Event "Olympiad-34"]
[Site "Istanbul"]
[Date "2000.11.10"]
[Round "13.1"]
[White "Kotsur, Pavel"]
[Black "Fedorov, Alexei"]
[Result "0-1"]
[WhiteElo "2589"]
[BlackElo "2646"]
[Annotator "Hecht,H"]
[PlyCount "102"]
[EventDate "2000.10.28"]
[EventType "team-swiss"]
[EventRounds "14"]
[EventCountry "TUR"]
[SourceTitle "EXT 2001"]
[Source "ChessBase"]
[SourceDate "2000.11.22"]
[SourceVersion "1"]
[SourceVersionDate "2000.11.22"]
[SourceQuality "1"]
[WhiteTeam "Kazakhstan"]
[BlackTeam "Belarus"]
[WhiteTeamCountry "KAZ"]
[BlackTeamCountry "BLR"]

1. e4 c5 2. Nf3 Nc6 3. d4 cxd4 4. Nxd4 e5 5. Nb5 d6 6. N1c3 a6 7. Na3 b5 8. Nd5
Nce7 9. c4 Nxd5 10. exd5 bxc4 11. Nxc4 Nf6 12. Be3 Rb8 13. Be2 Be7 14. O-O O-O
15. a4 Bf5 16. a5 Qd7 17. f4 Be4 18. Nb6 Qb7 19. Ra4 Bxd5 20. fxe5 dxe5 21.
Rxf6 Bxg2 22. Rg4 Rbd8 23. Qe1 Bxf6 24. Rxg2 Qe4 25. Bc5 Rfe8 26. Rg4 Qc2 27.
Nc4 e4 28. Qf2 Re6 29. b4 h5 30. Rf4 Rd5 31. Kg2 Rg5+ 32. Kh1 Be7 33. Be3 Reg6
34. Bf1 Rg1+ 35. Qxg1 Rxg1+ 36. Kxg1 Bxb4 37. Rf5 Qd1 38. h3 Bc3 39. Bf2 Bd4
40. Kg2 g6 41. Rf4 f5 42. Bxd4 Qxd4 43. Rf2 {[#] Weiß geht am Raummangel
zugrunde.} h4 $1 44. Rd2 Qc3 45. Rd8+ Kg7 46. Rd7+ Kh6 47. Nd6 Qg3+ 48. Kh1 Qe1
49. Nf7+ Kh5 50. Kg2 e3 51. Bxa6 Qg3+ 0-1

[Event "Kramatorsk"]
[Site "Kramatorsk"]
[Date "2003.08.03"]
[Round "8"]
[White "Lagno, Kateryna"]
[Black "Arzumanian, Georgy"]
[Result "1-0"]
[WhiteElo "2439"]
[BlackElo "2418"]
[Annotator "Hecht,H"]
[PlyCount "85"]
[EventDate "2003.07.29"]
[EventType "tourn"]
[EventRounds "14"]
[EventCountry "UKR"]
[EventCategory "10"]
[SourceTitle "CBM 097"]
[Source "ChessBase"]
[SourceDate "2003.11.11"]
[SourceVersion "1"]
[SourceVersionDate "2003.11.11"]
[SourceQuality "1"]

1. e4 c5 2. Nf3 Nc6 3. d4 cxd4 4. Nxd4 e5 5. Nb5 d6 6. N1c3 a6 7. Na3 b5 8. Nd5
Nge7 9. c4 Nd4 10. Be3 Nxd5 11. cxd5 Be7 12. Bd3 O-O 13. O-O Bd7 14. f4 Bf6 15.
Bxd4 exd4 16. Nc2 g6 17. Qf3 Rc8 18. Rae1 Qc7 19. Qf2 Bg7 20. Nxd4 Qb8 21. f5
Be5 22. Nf3 f6 23. fxg6 hxg6 24. Nxe5 dxe5 25. Rc1 Kg7 26. b4 Qd6 27. Qa7 Rf7
28. Rxc8 Bxc8 29. Qc5 Qd8 30. Bc2 Rc7 31. Qb6 Rd7 32. Qxd8 Rxd8 {White
advantage because of his protected passed pawn and the one which will arise
later on the h-file. Weißer Vorteil durch den gedeckten und später
entstehenden entfernten Freibauern auf der h-Linie.} 33. Bb3 Bd7 (33... f5 $6
34. Rc1 fxe4 35. Kf2 $16) ({Also possible was In Frage kam jedoch} 33... Rd6 $5
34. Rc1 Bd7 35. Kf2 f5 $16 {and mark time. und auf der Stelle treten}) 34. Rc1
Rc8 35. Rc5 Kf7 36. d6+ $5 Ke8 37. Bd5 Kd8 $2 (37... Rb8 $1 {[%cal Rb8b6,Rb6d6]
} 38. Rc3 Rb6 39. Rd3 Bc6 {promises a share of the points. verheißt
Punkteteilung}) 38. h4 $5 (38. Bb7 $142 $1 Rb8 39. Rc7 $18 {because of the
paralysed black position. wegen Lähmung der schwarzen Stellung}) 38... Rb8 39.
Bf7 Rb6 (39... Be8 {was necessary} 40. Rc7 Rb6 41. Bxe8 Rxd6 42. Rc6 Rd1+ 43.
Kf2 Kxe8 44. Rxf6 $16) 40. Bxg6 $18 Rxd6 41. h5 Ke7 42. h6 Kf8 43. Rc7 {
and Black is completely paralysed. mit vollständiger Lähmung} 1-0

[Event "Rostock GM"]
[Site "Rostock"]
[Date "2002.08.30"]
[Round "7"]
[White "Paehtz, Elisabeth"]
[Black "Boensch, Uwe"]
[Result "0-1"]
[WhiteElo "2331"]
[BlackElo "2540"]
[Annotator "Hecht,H"]
[PlyCount "118"]
[EventDate "2002.08.25"]
[EventType "tourn"]
[EventRounds "9"]
[EventCountry "GER"]
[EventCategory "8"]
[SourceTitle "CBM 091"]
[Source "ChessBase"]
[SourceDate "2002.11.12"]
[SourceVersion "1"]
[SourceVersionDate "2002.11.12"]
[SourceQuality "1"]

1. e4 c5 2. Nf3 Nc6 3. d4 cxd4 4. Nxd4 e5 5. Nb5 d6 6. c4 Be6 7. N1c3 a6 8. Na3
Be7 9. Bd3 Bg5 10. O-O Bxc1 11. Rxc1 Nge7 12. Nc2 Ng6 13. Qd2 Nf4 14. Rfd1 Qg5
15. f3 h5 16. Kh1 h4 17. Bf1 Rh6 18. Nd5 Rc8 19. b4 Rg6 20. a4 Kf8 21. b5 axb5
22. axb5 Nb8 23. Nb6 Rd8 24. Ne3 Bh3 25. Qf2 Nd7 26. Na4 Ra8 27. Nc3 Be6 28.
Rxd6 Nf6 29. Ncd5 Bxd5 30. Rxd5 N6xd5 31. cxd5 Kg8 32. Rd1 Nh5 33. Nf5 Ng3+ 34.
hxg3 hxg3 35. Qxg3 Qxg3 36. Nxg3 Rxg3 37. Rc1 Rg6 38. Rc7 Rb6 39. Bc4 Ra1+ 40.
Kh2 Rd1 41. d6 Rdxd6 42. Rxf7 Kh7 43. Rf5 Rd4 44. Bf7 Rf6 45. Rh5+ Rh6 46.
Rxh6+ Kxh6 47. Bd5 b6 {[#]} 48. g3 (48. Kg3 Kg5 (48... Rd2 49. f4 $6 exf4+ 50.
Kxf4 Rxg2 51. Ke5 g5 52. Kd6 Rd2 53. e5 Kg7 54. e6 g4 55. e7 Rxd5+ 56. Kxd5 Kf7
57. Kd6 Ke8 $19) 49. Bc6 Rb4 50. Bd7 Rb2 51. Bc6 Kf6 52. Kh3 Ke7 53. g3 Rc2 {
[%csl Rc6]} 54. Bb7 (54. f4 Rxc6 55. bxc6 b5 $19) 54... Rc7 55. Ba6 Kd6 {
sieht schlecht für Weiß aus.}) 48... Rd2+ $1 49. Kg1 (49. Kh3 Kg5 50. Be6 Rf2
51. Bg4 g6 $22 {[%csl Rf3]}) 49... g5 $19 50. Bc4 Kg6 51. Kf1 Kf6 52. Be2 Ke7
53. Kf2 Kd6 54. Ke3 Rb2 55. Kf2 Kc5 56. Ke3 Rb3+ 57. Kf2 Kd4 58. Bf1 Rb2+ 59.
Be2 Ra2 0-1

[Event "RUS-Cup3"]
[Site "Omsk"]
[Date "1996.??.??"]
[Round "1"]
[White "Smikovski, Ivan"]
[Black "Sherbakov, Vitaly S"]
[Result "1/2-1/2"]
[WhiteElo "2545"]
[BlackElo "2370"]
[Annotator "Horvath,Ta"]
[PlyCount "49"]
[EventDate "1996.12.13"]
[EventType "swiss"]
[EventRounds "9"]
[EventCountry "RUS"]
[SourceTitle "CBM 057"]
[Source "ChessBase"]
[SourceDate "1997.04.01"]
[SourceVersion "1"]
[SourceVersionDate "1997.04.01"]
[SourceQuality "1"]

1. e4 c5 2. Nf3 Nc6 3. d4 cxd4 4. Nxd4 e5 5. Nb5 d6 6. N1c3 a6 7. Na3 b5 8. Nd5
Nce7 9. Bg5 Rb8 10. c4 f6 11. Be3 Nxd5 12. Qxd5 f5 13. exf5 (13. cxb5 Nf6 14.
Qc6+ Bd7 15. Qxa6 d5 $1 16. exd5 Bb4+ 17. Bd2 Bxd2+ 18. Kxd2 Ne4+ 19. Ke1 O-O
$17) 13... Nf6 14. Qd3 d5 15. cxd5 Bb4+ 16. Bd2 Bxd2+ 17. Qxd2 Bxf5 18. Bd3
Bxd3 (18... e4 $6 19. Be2 Qxd5 20. Qxd5 Nxd5 21. Nc2 Rc8 22. Nd4 $14) 19. Qxd3
Qxd5 20. Qxd5 Nxd5 21. O-O-O Nb4 22. Kb1 O-O 23. f3 Rbd8 24. Rxd8 Rxd8 25. Nc2
1/2-1/2

[Event "Linares Anibal op 04th"]
[Site "Linares"]
[Date "1997.??.??"]
[Round "10"]
[White "Apicella, Manuel"]
[Black "Teran Alvarez, Ismael"]
[Result "1-0"]
[WhiteElo "2500"]
[BlackElo "2350"]
[Annotator "Horvath,Ta"]
[PlyCount "123"]
[EventDate "1997.02.??"]
[EventType "swiss"]
[EventRounds "10"]
[EventCountry "ESP"]
[SourceTitle "CBM 058"]
[Source "ChessBase"]
[SourceDate "1997.06.01"]
[SourceVersion "1"]
[SourceVersionDate "1997.06.01"]
[SourceQuality "1"]

1. e4 c5 2. Nf3 Nc6 3. d4 cxd4 4. Nxd4 e5 5. Nb5 d6 6. c4 Be7 7. N1c3 a6 8. Na3
Be6 9. Be2 Bg5 10. Nc2 h6 {Eine oft gespielte Alternative ist:} (10... Bxc1 11.
Rxc1 Nf6 12. O-O O-O 13. Qd2 Qb6 14. b3 Rfd8) 11. O-O Nge7 12. b3 Bxc1 13. Rxc1
(13. Qxc1 $5 O-O 14. Rd1 Qa5 15. Qb2 Rfd8 16. b4 $14 {Gofstein-Segal/Beersheba/
1991}) 13... O-O 14. Qd2 Ng6 15. Rfd1 Nf4 16. Bf1 Qg5 $6 {Es sieht so aus, als
habe Schwarz Angriffschancen. Nach einigen Zügen muß er sich aber zurückziehen.
} 17. Kh1 Rad8 18. Qe3 Qe7 19. Nd5 Bxd5 20. cxd5 Nb8 21. g3 Nh5 22. Bh3 $1 Nd7
23. Ne1 $1 Rc8 24. b4 Nhf6 25. f3 Qd8 26. Nd3 {Der weiße Raumvorteil ist
erdrückend.} Rxc1 27. Rxc1 a5 $2 (27... Qb8 $1) 28. Qa7 $1 axb4 29. Qxb7 $16
Qa8 30. Qxa8 Rxa8 31. Nxb4 Nc5 32. Bf1 g5 33. g4 Nfd7 34. Rc3 h5 35. h3 hxg4
36. hxg4 Nb6 37. Kg2 Kf8 38. Kf2 Ra4 39. a3 Ra5 40. Nc6 Ra4 41. Ke3 f6 42. Bb5
Ra8 43. Kf2 Kf7 44. Nb4 Ra5 45. Bc6 Ke7 46. Ke2 Kd8 47. Nd3 Kc7 48. Nb2 Kd8 49.
a4 Na6 $2 (49... Kc7 $142) 50. Rb3 Nc8 51. Rb7 Nc7 52. Nc4 Ra6 53. Kd2 Na7 54.
Rb8+ Ke7 55. Bb5 $18 Naxb5 56. axb5 Ra2+ 57. Kc3 Ra1 58. Rb7 Kd8 59. Nxd6 Ra3+
60. Kb4 Rxf3 61. b6 Na6+ 62. Kb5 1-0

[Event "RUS-Cup3"]
[Site "Omsk"]
[Date "1996.??.??"]
[Round "3"]
[White "Dvoirys, Semen I"]
[Black "Starosek, Konstantin"]
[Result "1/2-1/2"]
[WhiteElo "2570"]
[BlackElo "2475"]
[Annotator "Horvath,Ta"]
[PlyCount "53"]
[EventDate "1996.12.13"]
[EventType "swiss"]
[EventRounds "9"]
[EventCountry "RUS"]
[SourceTitle "CBM 057"]
[Source "ChessBase"]
[SourceDate "1997.04.01"]
[SourceVersion "1"]
[SourceVersionDate "1997.04.01"]
[SourceQuality "1"]

1. e4 c5 2. Nf3 Nc6 3. d4 cxd4 4. Nxd4 e5 5. Nb5 d6 6. c4 Be7 7. N1c3 a6 8. Na3
Be6 9. Nc2 Bg5 10. Bxg5 Qxg5 11. Nd5 Rc8 12. g3 Nh6 13. Bg2 f5 14. f4 Qg6 (
14... exf4 $2 15. Nxf4 Bxc4 16. Ne3 Bf7 17. Qxd6 Rd8 18. Qc5 $16) 15. O-O O-O
16. Ncb4 Qe8 17. Nxc6 bxc6 18. Ne3 Qe7 19. fxe5 Qa7 20. Qe2 dxe5 21. exf5 Nxf5
22. Rae1 Nd4 23. Qd3 Qc7 24. Kh1 a5 25. b3 Rxf1+ 26. Rxf1 Rf8 27. Qe4 {Weiß
hat eine bessere Bauernstruktur,Schwarz einen riesigen Schpringer auf "d4".
Die Chanen sind gleich.} 1/2-1/2

[Event "Hoogovens-B"]
[Site "Wijk aan Zee"]
[Date "1996.01.21"]
[Round "5"]
[White "Bologan, Viktor"]
[Black "Stripunsky, Alexander"]
[Result "1-0"]
[WhiteElo "2590"]
[BlackElo "2495"]
[Annotator "Horvath,Ta"]
[PlyCount "71"]
[EventDate "1996.01.16"]
[EventType "tourn"]
[EventRounds "11"]
[EventCountry "NED"]
[EventCategory "10"]
[SourceTitle "CBM 052"]
[Source "ChessBase"]
[SourceDate "1996.06.01"]
[SourceVersion "1"]
[SourceVersionDate "1996.06.01"]
[SourceQuality "1"]

1. e4 c5 2. Nf3 Nc6 3. d4 cxd4 4. Nxd4 e5 5. Nb5 d6 6. N1c3 a6 7. Na3 b5 8. Nd5
Nge7 9. c4 Nxd5 10. cxd5 Ne7 $6 (10... Nd4 $1 {Aktiver und besser ist als
Partiefortsetzung.} 11. Nc2 (11. Be3 Be7 (11... f5 $5) 12. Bxd4 exd4 13. Qxd4
Bg5 $1 {Schwarz hat genug Kompensation für geopferten Bauer.}) 11... Bg4 $1 12.
f3 $2 Qh4+ $1 $17) 11. h4 $1 Bd7 (11... g6 12. h5 $36) (11... f5 12. Bd3 fxe4
13. Bxe4 Bf5 $14) 12. Nc2 h5 (12... g6 13. h5 Bg7 14. Bg5 $1 O-O (14... f6 15.
h6 $16) 15. hxg6 hxg6 16. Qd2 $14) (12... f5 $5) 13. g3 g6 14. Bg2 Bg7 15. O-O
O-O 16. Nb4 Qe8 (16... a5 $5 17. Nd3 f5 18. Bg5 Qe8 19. f4 fxe4 20. Bxe4 Bf5
21. Bxe7 Qxe7 22. Bxf5 Rxf5 23. fxe5 (23. g4 Qxh4 $10) 23... Rxf1+ 24. Qxf1
Bxe5 25. Re1 Rf8 26. Qh3 Qf6 $10) 17. f3 Kh7 18. Be3 f5 19. Qd2 a5 20. Nd3 Ng8
21. Nf2 $1 Bh6 22. Rac1 f4 23. gxf4 Rxf4 (23... Bxf4 24. Bxf4 Rxf4 25. Rc7 Rxh4
26. Nh3 $16) 24. Rc7 Rf7 25. Rfc1 Qf8 26. Bh3 Rd8 27. Be6 $1 $18 Bxe3 28. Qxe3
Rxf3 29. Qa7 Qf4 30. Bxd7 Kh6 31. Bh3 Nf6 32. Bg2 Rg3 33. R1c3 Qxh4 34. Rf7
Rxc3 35. bxc3 Rc8 36. Qe3+ 1-0

[Event "Ciocaltea Memorial"]
[Site "Bucharest"]
[Date "1994.??.??"]
[Round "6"]
[White "Istratescu, Andrei"]
[Black "Moldovan, Daniel"]
[Result "1-0"]
[WhiteElo "2505"]
[BlackElo "2405"]
[Annotator "Horvath,Ta"]
[PlyCount "73"]
[EventDate "1994.02.??"]
[EventType "tourn"]
[EventRounds "13"]
[EventCountry "ROU"]
[EventCategory "9"]
[SourceTitle "CBM 040"]
[Source "ChessBase"]
[SourceDate "1994.06.01"]
[SourceVersion "1"]
[SourceVersionDate "1994.06.01"]
[SourceQuality "1"]

1. e4 c5 2. Nf3 Nc6 3. d4 cxd4 4. Nxd4 e5 5. Nb5 d6 6. c4 (6. a4 $5 Be6 7. N1c3
a6 8. Na3 Be7 (8... Nf6 9. Bg5 {B33}) 9. Nc4 Rc8 10. Nd5 Bxd5 11. exd5 Nb8 12.
a5 $14 {Fogarasi-Csiszar,Cs/Budapest/1994}) 6... Be7 7. Be2 (7. b3 $5 Nf6 8.
Bd3 O-O (8... Bg4 9. f3 Be6 10. Be3 Nh5 11. O-O Nf4 12. Kh1 O-O {
Jakovic-Scherbakov/Sankt Peterburg/1993}) 9. O-O Bg4 10. f3 Be6 11. Be3 Nh5 12.
g3 g6 13. N5c3 f5 14. exf5 $14 {Dolmatow-Sweschnikow/Podolsk/1992}) (7. Bd3 Nf6
8. N1c3 a6 9. Na3 Bg4 10. f3 Be6 11. Nc2 O-O 12. Be3 $14 {Tscheskowskij-Harlow/
Sankt Peterburg/1993}) (7. N1c3 a6 8. Na3 Be6 9. Nc2 (9. Be2 Nd4 10. Nc2 Nxe2
11. Qxe2 Bg5 12. O-O Bxc1 13. Raxc1 Rc8 14. Ne3 $14 {Leko-Csiszar,Cs/Badacsony/
1991}) 9... Rc8 10. Bd2 Bg5 (10... h6 $5) 11. Bxg5 Qxg5 12. Qd2 $1 $14 {
Ljubojevic-Iwancuk/Linares/1993}) 7... Be6 8. O-O Nf6 (8... h6 $5 9. b3 a6 10.
N5c3 Bg5 11. Nd2 Nd4 12. Bb2 Ne7 13. Nf3 Nec6 $10 {Wolf-Anand/Biel/1993}) 9.
N1c3 a6 10. Na3 Nd4 11. b3 O-O 12. Nc2 Nxe2+ 13. Qxe2 Qd7 $6 (13... Ne8 $142 {
Bg5/\}) 14. a4 h6 15. f3 Rfc8 16. Be3 Bd8 17. a5 $16 Qe7 18. Rfd1 Nd7 19. Nb4
Nc5 20. Nbd5 Qe8 21. b4 Nd7 22. f4 exf4 23. Bxf4 Ne5 24. Bxe5 dxe5 25. c5 Rc6
26. Rf1 Bg5 27. Na4 Rd8 28. Nab6 f5 29. Rad1 Qg6 30. Nc4 fxe4 31. Nxe5 Qe8 32.
Nxc6 Qxc6 33. Nf4 Rxd1 34. Qxd1 Bc4 35. Rf2 e3 36. Rf3 Qe8 37. Qd4 1-0

[Event "Vinkovci"]
[Site "Vinkovci"]
[Date "1995.??.??"]
[Round "?"]
[White "Rogic, Davor"]
[Black "Zelcic, Robert"]
[Result "0-1"]
[WhiteElo "2460"]
[BlackElo "2500"]
[Annotator "Horvath,Ta"]
[PlyCount "68"]
[EventDate "1995.04.??"]
[EventType "tourn"]
[EventRounds "11"]
[EventCountry "CRO"]
[EventCategory "9"]
[SourceTitle "CBM 048"]
[Source "ChessBase"]
[SourceDate "1995.10.01"]
[SourceVersion "1"]
[SourceVersionDate "1995.10.01"]
[SourceQuality "1"]

1. e4 c5 2. Nf3 Nc6 3. d4 cxd4 4. Nxd4 e5 5. Nb5 a6 6. Nd6+ Bxd6 7. Qxd6 Qf6 8.
Qd1 (8. Qxf6 Nxf6 9. Nc3 Nb4 10. Kd2 {Velimirovic} d6 $1 $10 (10... d5 $2 11.
a3 $16)) 8... Qg6 9. Nc3 Nge7 (9... d5 10. Nxd5 Qxe4+ 11. Be3 Nd4 12. Nc7+ Ke7
13. Rc1 Bg4 14. Qd3 $16) 10. h4 h5 11. Rh3 $6 (11. Bg5 $142 d5 12. exd5 Nb4 13.
Bxe7 Kxe7 14. d6+ $14) 11... d5 12. Rg3 Bg4 13. f3 dxe4 14. Nxe4 Nf5 $5 (14...
Rd8 15. Bd3 f5 16. Ng5 e4 $13 {Geller-Bronstein/Kislovodsk/1968}) 15. fxg4 Nxg3
16. Nxg3 Nb4 17. Bd3 Nxd3+ 18. cxd3 Qxg4 19. Qxg4 hxg4 $15 20. h5 Kd7 21. Bd2
Ke6 22. Ke2 f5 23. Rh1 Rad8 24. Bg5 Rc8 25. Kd2 Rc5 26. h6 gxh6 27. Rxh6+ Rxh6
28. Bxh6 Rc7 29. Bf8 Rh7 30. Nf1 f4 31. Bc5 Kd5 32. Ba7 b6 33. Bxb6 Rb7 34. Bf2
Rxb2+ 0-1

[Event "Buenos Aires Sicilian"]
[Site "Buenos Aires"]
[Date "1994.10.12"]
[Round "1"]
[White "Polgar, Judit"]
[Black "Shirov, Alexei"]
[Result "1-0"]
[WhiteElo "2630"]
[BlackElo "2740"]
[Annotator "Horvath,Ta"]
[PlyCount "81"]
[EventDate "1994.10.12"]
[EventType "tourn"]
[EventRounds "14"]
[EventCountry "ARG"]
[EventCategory "18"]
[SourceTitle "CBM 044"]
[Source "ChessBase"]
[SourceDate "1995.02.01"]
[SourceVersion "1"]
[SourceVersionDate "1995.02.01"]
[SourceQuality "1"]

1. e4 c5 2. Nf3 Nc6 3. d4 cxd4 4. Nxd4 e5 5. Nb5 d6 6. c4 Be7 7. N1c3 (7. Bd3
$5 Nf6 (7... h6 8. b3 Bg5 $2 9. Ba3 $16) (7... a6 8. N5a3 Be6 9. Nc2 Rc8 10. b3
Nf6 11. Nc3 O-O 12. Bb2 Nd7 13. O-O Nc5 14. Be2 Kh8 15. b4 $14 {
Ljubojevic-Salov/Buenos Aires/1994}) 8. O-O O-O 9. N1c3 a6 10. Na3 Ne8 (10...
Be6 11. Nc2 Rc8 12. b3 $14) 11. b3 Bg5 12. Bb2 Be6 13. Nc2 Rc8 14. Kh1 {
Anand-Shirov/Buenos Aires/1994}) 7... a6 8. Na3 h6 $6 (8... Be6 9. Nc2 (9. Be2
Bg5 10. Nc2 Bxc1 11. Rxc1 Nf6 $10) 9... Rc8 10. b3 $6 Nf6 11. Be2 O-O 12. O-O
b5 $1 $13 {Timman-Short/Belgrade/1989}) 9. Nc2 Be6 10. Be2 Bg5 11. O-O Nge7 12.
b3 Bxc1 13. Rxc1 O-O 14. Qd2 Qd7 15. Nd5 Rad8 16. b4 $1 $14 Ng6 17. a4 Nce7 18.
a5 f5 19. exf5 Nxf5 (19... Bxd5 $5 20. fxg6 Be4 21. f4 $14) 20. Bf3 $1 Nfh4 21.
Be4 Nf4 22. Nce3 Bxd5 23. Bxd5+ Kh8 24. Be4 Ne6 25. Qd5 Nd4 26. Rce1 $16 Rf7
27. f4 $1 exf4 28. Qxd4 fxe3 29. Rxf7 Qxf7 30. Rxe3 Rf8 31. Re1 Qf4 32. Qe3 Qf6
(32... Qf7 $2 33. Bd5 Qc7 34. Qe7 $18) 33. Bxb7 Qb2 34. b5 axb5 35. cxb5 Qxb5
36. a6 d5 37. Rc1 Qa4 38. Qc5 Rd8 39. a7 Nxg2 40. a8=Q Rxa8 41. Bxa8 1-0